000 00541nam a2200193Ia 4500
005 20260120130406.0
008 008 260114s9999 xx 000 0 eng d
020 _a9780191705717
037 _aEBOOK
040 _aCRL
_beng
_cCRL
041 _aeng
_2eng
084 _qCRL
100 _aArgon
_9914455
245 0 _aStrengthening Mechanisms in Crystal Plasticity
260 _bOxford University PressOxford University Press
_c2007
856 _uhttps://academic.oup.com/book/9995
942 _cEBOOK
999 _c1506359
_d1506359